Stress, Burnout, and Self-Care Among Pedagogues
Stres, psychická záťaž a syndróm vyhorenia v pedagogickej praxi. Možnosti pomoci sociálnych pracovníkov pedagogickým pracovníkom a možnosti psychologickej starostlivosti učiteľov o samých seba.
Saved in:
| Main Author: | |
|---|---|
| Other Authors: | |
| Format: | Book Chapter |
| Language: | English |
| Subjects: | |
| Tags: |
No Tags, Be the first to tag this record!
|
MARC
| LEADER | 00000nla a2200000 4500 | ||
|---|---|---|---|
| 001 | 0241164 | ||
| 005 | 20240417075133.5 | ||
| 041 | 0 | |a eng | |
| 044 | |a CZ | ||
| 245 | 1 | 0 | |a Stress, Burnout, and Self-Care Among Pedagogues |c Soňa Lovašová, Veronika Vasiľová |
| 520 | |a Stres, psychická záťaž a syndróm vyhorenia v pedagogickej praxi. Možnosti pomoci sociálnych pracovníkov pedagogickým pracovníkom a možnosti psychologickej starostlivosti učiteľov o samých seba. | ||
| 610 | 2 | 0 | |a psychológia |
| 610 | 2 | 0 | |a psychológia pedagogická |
| 610 | 2 | 0 | |a stresy |
| 610 | 2 | 0 | |a syndróm vyhorenia |
| 610 | 2 | 0 | |a učitelia |
| 610 | 2 | 0 | |a pracovníci sociálni |
| 610 | 2 | 0 | |a starostlivosť sociálna |
| 100 | 1 | |a Lovašová, Soňa | |
| 700 | 1 | |a Vasiľová, Veronika | |